गुरू अर्जुन देव / (Record no. 63878)

MARC details
000 -LEADER
fixed length control field 00758nam a22001817a 4500
005 - DATE AND TIME OF LATEST TRANSACTION
control field 20120309111621.0
020 ## - INTERNATIONAL STANDARD BOOK NUMBER
Terms of availability 000.00
International Standard Book Number
035 ## - SYSTEM CONTROL NUMBER
System control number B-30223
037 ## - SOURCE OF ACQUISITION
Source of stock number/acquisition
Stock number dpl
082 ## - DEWEY DECIMAL CLASSIFICATION NUMBER
Classification number 260
100 ## - MAIN ENTRY--PERSONAL NAME
Personal name जोशी, महेन्द्र सिंह
245 1# - TITLE STATEMENT
Title गुरू अर्जुन देव /
Statement of responsibility, etc महेन्द्र सिंह जोशी
260 ## - PUBLICATION, DISTRIBUTION, ETC. (IMPRINT)
Place of publication, distribution, etc अमृतसर
Name of publisher, distributor, etc राधास्वामी सत्संग ब्यास
Date of publication, distribution, etc 2000
270 ## - ADDRESS
Address
City
Postal code
Telephone number
300 ## - PHYSICAL DESCRIPTION
Extent 312पृ.
Dimensions 22सेमी (अजिल्द)
942 ## - ADDED ENTRY ELEMENTS (KOHA)
Institution code [OBSOLETE] dpl
Item type Hindi Books
Call number prefix
Source of classification or shelving scheme Dewey Decimal Classification
Classification part 239
Call number suffix जोशीम
Holdings
Withdrawn status Lost status Not for loan Collection code Home library Current library Date acquired Cost, normal purchase price Full call number Barcode Cost, replacement price Koha item type Public note
      Non-fiction Sarojini Nagar Sarojini Nagar 09/03/2012 0.00 239 जोशीम B-30223 0.00 Hindi Books Withdrawn List Prepared List No.33/05

© Delhi Public Library
Hit Counter
free hit counter